01222cam a2200301 a 4500999001700000001000800017003000400025005001700029008004100046010001700087020002500104035002000129040001800149042001400167050002400181082002300205245022900228260003700457300003600494504004100530610002200571650003700593650004200630700004100672906004500713942003600758952012600794 c22264d222644912892OSt20170123161007.0940406s1993 enkae 000 0 eng d a 94142052  a0727716840 :c$77.40 a(OCoLC)29352024 aOClcOCldDLC alccopycat00aNA5471.D9bE54 199300a726/.6/094286522000aEngineering a cathedral :bproceedings of the conference Engineering a cathedral held at Durham Cathedral on 9-11 September 1993 as part of the 900th anniversary celebrations of Durham Cathedral /cedited by Michael Jackson. aLondon :bThomas Telford,c1993. a191 p. :bill., plans ;c24 cm. aIncludes bibliographical references.20aDurham Cathedral. 0aChurch architecturexCongresses. 0aChurch architecturezEnglandzDurham.1 aJackson, Michael J.q(Michael James) a7bcbcccopycatd2encipf19gy-gencatlg 2lcccBOOKShNA 5471 .D9E54 1993 00102lcc4070aMUCbMUCcTECHd2017-01-23eDonation (BFA)l0oNA 5471 .D9E54 1993p31324r2018-06-12w2017-01-23yBOOKS